00826nam a22002537a 45000010005000000030006000050050017000110080041000280200017000690400029000860500015001150820008001301000020001382450066001582600041002243000058002654900026003235050007003495200100003565210029004565210018004856500036005037000033005397077FISKH20250620094917.0250620b cb ||||| |||| 00| 0 eng d a033500713002 aFISKHbengcFISKHdFISKH aPZ7.W649 B a813 aWilkin, Esther  aThe new baby / cBy Esther Wilkin ; Pictures by Eloise Wilkin aNew York : bA golden Book,c1962.  a24 unnumbered pages : bcolor illustrations ; c21 cm aA little golden book  aG  aA little girl learns to care for her baby doll by watching her mother care for her baby sister.8 a380 bLexile estimate 8 aG bRaz-Plus  aFamily and MoralsvPicture book aWilkin,Eloise eillustrator